Name a valid answer - Football edition - Statistics

General Stats
  • This quiz has been taken 284 times
  • The average score is 8 of 10
Answer Stats
Hint Answer % Correct
A 3 or more time FIFA World Cup winner nation Brazil | (West-)Germany | Italy
99%
A World Cup woman winner nation United States | Germany | Norway | Japan | Spain
97%
A club that Kaka played for Saõ Paulo Fc | AC Milan | Real Madrid | Orlando City SC
95%
A country that has won 1 euro Netherlands | Portugal | Greece | Denmark | Soviet Union | Czechoslovakia
93%
A ballon d'or winner in the 70s Gerd Muller | Johan Cruyff | Franz Becken-bauer | Oleg Brokhin | Allan Simonson | Kevin Keegan | Karl-Heinz Rummenigge
82%
A country in the FIFA world ranking womenbetween place 10 and 15 North Korea | Netherlands | Australia | Denmark | Iceland | Italy
81%
A goalscorer by Ajax with more than 150 goals Johan Cruyff | Sjaak Swart | Klaas-Jan Huntelaar | Ruud Geels | Marco Van Basten
75%
A country in the FIFA world ranking menbetween place 30 and 35 Ecuador | Peru | Serbia | Russia | Czechia | Qatar
59%
A goalkeeper that has won a Ballon d'or Lev Yashin
56%
A player that has played for Barcelona and Bayern Munich Patrik Andersson | Mark Hughes | Pepe Reina | Mark van Bommel | Thiago Alcántara | Philippe Coutinho | Arturo Vidal
52%
No matching quizzes found
Score Distribution
Percent of People with Each Score
Percentile by Number Answered
Your Score History
You have not taken this quiz